000 00892nam a2200277Ia 4500
003 OSt
005 20220912145100.0
006 a|||||r|||| 00| 0
007 ta
008 220909b |||||||| |||| 00| 0 eng d
020 _a9788180949 (pbk)
024 _a113577
037 _b1111, 03/09/2010, Ashutosh Technical Books
037 _cTextual
040 _aCSL
_beng
_cCSL
041 _aeng
082 _aT:3(A), Q0 cc6
100 _aGurumani N
245 0 _aScientific thesis writing and paper presentation
260 _aChennai
_bM J P Publishers
_c2010
300 _axii, 414p.
_ccm.
500 _aAppendices I-VIII, 250-404p.; Glossary 405-408p.; References 409-410p.; Index 411-414p.
650 _aScientific theses writing
942 _hT:3(A), Q0 cc6
_cTEXL
_2CC
999 _c22753
_d22753